Budapest, mint egészségturisztikai célpont fogászati turizmus és plasztikai sebészet szempontjából, ennek előnyei és fejlesztési lehetőségei

Bibliográfiai részletek
Szerző: Tóth Krisztina
További közreműködők: Schultz Éva
Dokumentumtípus: Diplomadolgozat
Kulcsszavak:Budapest
Fogászati turizmus
Plasztikai turizmus
Orvosi turizmus
Egészségturizmus
Online Access:http://dolgozattar.uni-bge.hu/9958

MARC

LEADER 00000nta a2200000 i 4500
001 dolg9958
005 20170524150653.0
008 170524suuuu hu om 000 hun d
040 |a BGE Dolgozattár Repozitórium  |b hun 
041 |a hu 
100 1 |a Tóth Krisztina 
245 1 0 |a Budapest, mint egészségturisztikai célpont fogászati turizmus és plasztikai sebészet szempontjából, ennek előnyei és fejlesztési lehetőségei  |c Tóth Krisztina  |h [elektronikus dokumentum] 
246 1 1 |a Budapest, mint egészségturisztikai célpont fogászati turizmus és plasztikai sebészet szempontjából, ennek előnyei és fejlesztési lehetőségei 
695 |a Budapest 
695 |a Fogászati turizmus 
695 |a Plasztikai turizmus 
695 |a Orvosi turizmus 
695 |a Egészségturizmus 
700 1 |a Schultz Éva  |e ths 
856 4 0 |u http://dolgozattar.uni-bge.hu/9958/1/To%CC%81th%20Krisztina%20fxg3ne_szakdolgozat.pdf  |z Dokumentum-elérés